Movies Quiz

Random Movies or Disney Quiz

Animated Movies Venn Diagram II Quiz Stats

 Plays Quiz Updated Sep 24, 2019

Score 0/8 Timer 02:00
31 Plays Today
% Correct
Toy Story
81%
Ratatouille
80.9%
Lilo & Stitch
70.4%
Mulan
68.6%
A Bug's Life
64.4%
Up
61.5%
Ice Age
50.2%
Megamind
43.8%

You're not logged in!

Compare scores with friends on all Sporcle quizzes.
OR
Log In

Sporcle TV

Today on Sporcle TV


Watch our educational content, quiz creation guides, and fun videos on Sporcle TV.

Show Comments

Extras

Top Quizzes Today


Score Distribution

Your Account Isn't Verified!

In order to create a playlist on Sporcle, you need to verify the email address you used during registration. Go to your Sporcle Settings to finish the process.

Report this User

Report this user for behavior that violates our Community Guidelines.

Details: